<?xml version="1.0" encoding="UTF-8"?>
<collection xmlns="http://www.loc.gov/MARC21/slim">
 <record>
  <leader>     na                 </leader>
  <controlfield tag="001">INLIS000000000001775</controlfield>
  <controlfield tag="005">20250505092333</controlfield>
  <controlfield tag="035">$a 0010-0525000017</controlfield>
  <controlfield tag="245">$a Manakala Alam Mulai &quot;Murka&quot; /$c Bhakti Karyono</controlfield>
  <controlfield tag="100">$a Bhakti Karyono</controlfield>
  <controlfield tag="300">$a 50 hlm : $b ilus ; $c 21 x 27.5 cm</controlfield>
  <controlfield tag="260">$a Jakarta :$b PT Kuark Internasional,$c 2025</controlfield>
  <controlfield tag="082">$a 050</controlfield>
  <controlfield tag="084">$a 050 BHA m</controlfield>
  <controlfield tag="022">$a 16939964</controlfield>
  <controlfield tag="863">$a Maret 2025</controlfield>
  <controlfield tag="990">$a MK007/2025</controlfield>
 </record>
</collection>
